The Tracing of the Formation of Volatile Organic Compounds during Tokaj Wine Production
Gespeichert in:
| 1. Verfasser: | |
|---|---|
| Weitere Verfasser: | |
| Format: | Manuskript Buch |
| Sprache: | Slowakisch Englisch |
| Veröffentlicht: |
2018
|
| Schlagworte: | |
| Online-Zugang: | http://is.stuba.sk/zp/portal_zp.pl?podrobnosti=129269 |
| Tags: |
Keine Tags, Fügen Sie das erste Tag hinzu!
|
MARC
| LEADER | 00000ntm a22000003a 4500 | ||
|---|---|---|---|
| 001 | stuzp69848 | ||
| 003 | SK-STU | ||
| 005 | 20180623211113.0 | ||
| 007 | ta | ||
| 008 | 150427s2015----xo-----f-mn---000-0-slo-d | ||
| 040 | |a STU |b slo | ||
| 041 | 0 | |a eng | |
| 100 | 1 | |a Thai, Ha Anh |u 041000 |4 aut |U FCHPT Fakulta chemickej a potravinárskej technológie |T FCHPT Ústav analytickej chémie |X 82590 |U C1000 |Y 99 |7 82590 | |
| 242 | 0 | 1 | |a Sledovanie tvorby prchavých organických zlúčenín počas výroby tokajských vín |y slo |
| 245 | 1 | 0 | |a The Tracing of the Formation of Volatile Organic Compounds during Tokaj Wine Production |
| 260 | |c 2018 | ||
| 650 | 4 | |a VOCs |2 slo | |
| 650 | 4 | |a tokajské víno |2 slo | |
| 650 | 4 | |a odroda Furmint |2 slo | |
| 650 | 4 | |a SPME-GCxGC-HRTOF-MS |2 slo | |
| 650 | 4 | |a VOCs |2 eng | |
| 650 | 4 | |a Tokaj wine |2 eng | |
| 650 | 4 | |a Furmint variety |2 eng | |
| 650 | 4 | |a SPME-GCxGC-HRTOF-MS |2 eng | |
| 700 | 1 | |a Špánik, Ivan |u 041000 |k Z1 |4 ths |U FCHPT Fakulta chemickej a potravinárskej technológie |T FCHPT Ústav analytickej chémie |X 3910 |U C1000 |Y 99 |7 A000003910 | |
| 856 | 4 | |u http://is.stuba.sk/zp/portal_zp.pl?podrobnosti=129269 | |